[Event "OP-2017-0-04463"]
[Site "LSS email"]
[Date "2017.10.30"]
[Round "?"]
[White "Fernandez, Alberto"]
[Black "Dan, Peterjohn"]
[Result "1-0"]
[WhiteElo "1600"]
[BlackElo "1000"]
[PlyCount "35"]
[EventDate "2017.10.25"]
[EventType "tourn (corr)"]
[EventRounds "4"]
[EventCountry "GER"]
[SourceTitle "Corr 2022"]
[Source "ChessBase"]
[SourceDate "2021.10.24"]
[SourceVersion "1"]
[SourceVersionDate "2021.10.24"]
[SourceQuality "1"]

1. e4 e5 2. Nf3 Nc6 3. Bb5 Nf6 4. 0-0 Nxe4 5. d4 a6 6. Ba4 Bd6 7. Re1 Nf6 8. dxe5 Nxe5 9. Nxe5 0-0 10. Bg5 b5 11. Bb3 Bxe5 12. Rxe5 c6 13. Qd6 Qb6 14. Bxf6 Bb7 15. Rg5 g6 16. Bc3 Rae8 17. Rxg6+ hxg6 18. Qxg6# 1-0

[Event "OP-2017-0-04463"]
[Site "LSS email"]
[Date "2017.10.30"]
[Round "?"]
[White "Fernandez, Alberto"]
[Black "Madrid Sole, Antonio"]
[Result "1/2-1/2"]
[WhiteElo "1600"]
[BlackElo "1841"]
[PlyCount "59"]
[EventDate "2017.10.25"]
[EventType "tourn (corr)"]
[EventRounds "4"]
[EventCountry "GER"]
[SourceTitle "Corr 2022"]
[Source "ChessBase"]
[SourceDate "2021.10.24"]
[SourceVersion "1"]
[SourceVersionDate "2021.10.24"]
[SourceQuality "1"]

1. e4 e6 2. d4 d5 3. Nc3 Nf6 4. Bg5 Be7 5. e5 Nfd7 6. h4 Bxg5 7. hxg5 Qxg5 8. Nh3 Qe7 9. Qg4 g6 10. Nf4 Nc6 11. 0-0-0 h5 12. Qg3 Nb6 13. b3 Bd7 14. Kb2 0-0-0 15. Nh3 a6 16. f4 Kb8 17. Qe3 Rdf8 18. Be2 Na5 19. a3 Rc8 20. Qd2 c5 21. Na2 Nc6 22. dxc5 Qxc5 23. Ng5 Qe7 24. Nb4 Nxb4 25. axb4 Na8 26. c3 Nc7 27. Bd3 Bb5 28. Bc2 Ne8 29. Nf3 Ng7 30. Rh3 1/2-1/2